[Event "4NCL/Div3/ICENI vs. NOTT2"]
[Site "Wokefield Park ENG"]
[Date "2010.05.02"]
[Round "10.5"]
[White "Downham, Alan F"]
[Black "Taylor, Robert P"]
[Result "1/2-1/2"]
[WhiteElo "2028"]
[BlackElo "1978"]
[PlyCount "89"]
[EventDate "2010.05.02"]
[SourceDate "2009.10.24"]

1. c4 e5 2. Nc3 Nf6 3. g3 c6 4. d4 exd4 5. Qxd4 Na6 6. Bg2 Nc7 7. e4 Ne6 8. Qd3
Bc5 9. Nf3 Qb6 10. O-O Ng4 11. Nd1 d6 12. Bf4 Nxf4 13. gxf4 O-O 14. h3 Nf6 15.
Nd2 Re8 16. Kh1 Bd7 17. a3 Qc7 18. b4 Bb6 19. Nc3 a5 20. f5 Rad8 21. f4 Qc8 22.
Qg3 Bd4 23. Rac1 axb4 24. axb4 c5 25. b5 Bxc3 26. Rxc3 Kh8 27. Qh4 Qc7 28. Rg3
Rg8 29. Bf3 Qa5 30. Rg2 Qc3 31. Qg3 g6 32. e5 dxe5 33. fxe5 Nh5 34. Qh2 Bxf5
35. Bxh5 Rd3 36. Bf3 Rgd8 37. Rff2 Qc1+ 38. Nf1 R8d4 39. Kg1 Rh4 40. e6 Bxe6
41. Qe5+ Kg8 42. Be4 Rdxh3 43. Qb8+ Kg7 44. Qe5+ Kg8 45. Qb8+ 1/2-1/2

[Event "4NCL/Div3/ICENI vs. NOTT2"]
[Site "Wokefield Park ENG"]
[Date "2010.05.02"]
[Round "10.6"]
[White "Hill, Maurice J"]
[Black "Szymanski, Mark"]
[Result "0-1"]
[WhiteElo "1802"]
[BlackElo "1890"]
[PlyCount "86"]
[EventDate "2010.05.02"]
[SourceDate "2009.10.24"]

1. c4 c6 2. Nf3 Nf6 3. g3 d5 4. b3 Bf5 5. Bg2 e6 6. O-O Nbd7 7. Bb2 h6 8. d4
Bd6 9. Nc3 O-O 10. Re1 Bh7 11. Nd2 Bb4 12. a3 Bxc3 13. Bxc3 a5 14. e4 dxe4 15.
Nxe4 Nxe4 16. Bxe4 Bxe4 17. Rxe4 Nf6 18. Re5 b5 19. Qf3 bxc4 20. bxc4 Qb6 21.
Qd1 Rfb8 22. Qa4 c5 23. dxc5 Qb3 24. Qxb3 Rxb3 25. Re3 Ng4 26. Rf3 Ne5 27. Bxe5
Rxf3 28. c6 f6 29. Bd6 a4 30. Rd1 Rc8 31. c7 Kf7 32. Kg2 Rc3 33. Rd4 e5 34. Re4
Ke6 35. c5 Rxa3 36. Rb4 Kd7 37. Rb7 Rc3 38. Rb6 a3 39. Ra6 Rb3 40. f4 e4 41. f5
Rb2+ 42. Kh3 a2 43. Ra3 Re8 0-1

[Event "4NCL/Div3/BCA vs. OXF2"]
[Site "Wokefield Park ENG"]
[Date "2010.05.02"]
[Round "10.1"]
[White "Crouch, Colin S"]
[Black "Nitz, Tomos"]
[Result "0-1"]
[WhiteElo "2342"]
[BlackElo "2090"]
[PlyCount "186"]
[EventDate "2010.05.02"]
[SourceDate "2009.10.24"]

1. d4 d5 2. c4 Nc6 3. Nc3 dxc4 4. Nf3 Nf6 5. d5 Na5 6. Qa4+ c6 7. b4 b5 8. Qxa5
Qxa5 9. bxa5 b4 10. dxc6 bxc3 11. g3 e6 12. Bg2 Ba6 13. O-O Bc5 14. a4 Rb8 15.
Ne5 Rb2 16. c7 O-O 17. Nc6 Bd6 18. Bf4 Bxf4 19. gxf4 Nd5 20. Bxd5 exd5 21. Ne7+
Kh8 22. e3 c2 23. Nxd5 Rc8 24. e4 Bb7 25. Rac1 Bxd5 26. exd5 Rxc7 27. Rfe1 g6
28. Kg2 Rd7 29. Re2 Rxd5 30. Rexc2 Rxc2 31. Rxc2 Rc5 32. Kf3 c3 33. Ke3 Rc4 34.
Kd3 Rxa4 35. f5 gxf5 36. Kxc3 Rxa5 37. Kd4 Kg7 38. f4 Kf6 39. Rc6+ Kg7 40. Rc7
Kg6 41. Rc6+ f6 42. Rc7 Ra2 43. Ke3 a5 44. Ra7 a4 45. Kf3 h6 46. Kg3 Kh5 47. h3
Ra3+ 48. Kg2 Kh4 49. Ra6 Rg3+ 50. Kf2 Rxh3 51. Rxa4 Kg4 52. Ra6 Kxf4 53. Rxf6
h5 54. Kg2 Rg3+ 55. Kf2 h4 56. Ra6 Rg4 57. Rh6 Kg5 58. Rh8 Ra4 59. Kg2 Ra2+ 60.
Kf3 Ra3+ 61. Kf2 Kg4 62. Rb8 Ra2+ 63. Kg1 h3 64. Rb4+ f4 65. Rb8 Kg3 66. Rg8+
Kf3 67. Rf8 Rg2+ 68. Kh1 Rg6 69. Kh2 Kg4 70. Rh8 Ra6 71. Rg8+ Kf3 72. Rf8 Rh6
73. Kg1 Rh5 74. Ra8 Rg5+ 75. Kh2 Rg3 76. Ra3+ Kg4 77. Ra8 Rg2+ 78. Kh1 Rb2 79.
Rg8+ Kf3 80. Rf8 Kg3 81. Rg8+ Kf2 82. Kh2 f3 83. Re8 Re2 84. Ra8 Kf1+ 85. Kh1
f2 86. Kh2 Ke1 87. Ra1+ Kd2 88. Rf1 Ke3 89. Kxh3 Kf3 90. Ra1 Re1 91. Ra3+ Ke4
92. Ra4+ Kd5 93. Ra5+ Kc4 0-1

[Event "4NCL/Div3/BCA vs. OXF2"]
[Site "Wokefield Park ENG"]
[Date "2010.05.02"]
[Round "10.2"]
[White "Scott, David A"]
[Black "Ross, Chris N"]
[Result "1/2-1/2"]
[WhiteElo "2058"]
[BlackElo "2205"]
[PlyCount "96"]
[EventDate "2010.05.02"]
[SourceDate "2009.10.24"]

1. d4 Nf6 2. c4 e6 3. Nc3 Bb4 4. Qc2 c5 5. dxc5 Na6 6. a3 Bxc3+ 7. Qxc3 Nxc5 8.
f3 a5 9. b4 axb4 10. axb4 Rxa1 11. Qxa1 Nb3 12. Qc3 Nxc1 13. Qxc1 O-O 14. e4 d5
15. e5 Nd7 16. f4 f6 17. cxd5 fxe5 18. dxe6 Nb6 19. e7 Qxe7 20. Qc5 Qf6 21.
Qxe5 Qg6 22. Kf2 Qc2+ 23. Be2 Qd2 24. Nf3 Qxb4 25. g3 Na4 26. Rc1 Qb6+ 27. Kg2
Qf6 28. Rc7 Nb6 29. Qxf6 Rxf6 30. Ne5 Be6 31. Bf3 Bd5 32. Bxd5+ Nxd5 33. Rxb7
h6 34. Kf3 Rb6 35. Rxb6 Nxb6 36. f5 Nd5 37. g4 Kf8 38. Ke4 Nc3+ 39. Kd4 Ne2+
40. Kd5 Ke7 41. h4 Ng3 42. Nc4 h5 43. Ne3 hxg4 44. Ke5 Kf7 45. Nxg4 Nh5 46. Kd4
Ng3 47. Ke5 Nh5 48. Ne3 g6 1/2-1/2

[Event "4NCL/Div3/BCA vs. OXF2"]
[Site "Wokefield Park ENG"]
[Date "2010.05.02"]
[Round "10.3"]
[White "Mordue, A Tyson"]
[Black "Duggan, Christopher"]
[Result "1-0"]
[WhiteElo "2273"]
[BlackElo "2031"]
[PlyCount "93"]
[EventDate "2010.05.02"]
[SourceDate "2009.10.24"]

1. e4 c5 2. Nf3 Nc6 3. d4 cxd4 4. Nxd4 e5 5. Nb5 a6 6. Nd6+ Bxd6 7. Qxd6 Qf6 8.
Qd1 Qg6 9. Nc3 d5 10. Nxd5 Qxe4+ 11. Be3 Nd4 12. Nc7+ Ke7 13. Rc1 Bg4 14. Qd3
Qxd3 15. Bxd3 Rd8 16. h3 Bh5 17. f4 Kd6 18. Nxa6 bxa6 19. g4 Bg6 20. Bxd4 exd4
21. f5 Nf6 22. O-O Rb8 23. b3 Rhe8 24. fxg6 fxg6 25. Rf4 Re3 26. Rxd4+ Ke5 27.
Ra4 Nd5 28. Ra5 Kd4 29. Rd1 Nc3 30. Rd2 Re1+ 31. Kf2 Rd1 32. Rxd1 Nxd1+ 33. Kg3
Nb2 34. Rxa6 Nxd3 35. Rd6+ Ke4 36. Rxd3 Rc8 37. Rd2 Rc3+ 38. Kg2 h5 39. a4 h4
40. a5 Rc5 41. a6 Ke3 42. a7 Rc8 43. Rd3+ Ke4 44. Rc3 Rd8 45. Kf2 g5 46. Rc4+
Kd5 47. Rc7 1-0

[Event "4NCL/Div3/BCA vs. OXF2"]
[Site "Wokefield Park ENG"]
[Date "2010.05.02"]
[Round "10.4"]
[White "Jackson, Gary"]
[Black "Hilton, Steve H"]
[Result "1/2-1/2"]
[WhiteElo "2034"]
[BlackElo "1891"]
[PlyCount "76"]
[EventDate "2010.05.02"]
[SourceDate "2009.10.24"]

1. e4 c5 2. Nf3 a6 3. d4 cxd4 4. Nxd4 e5 5. Nb3 Nf6 6. Nc3 Bb4 7. f3 O-O 8. a3
Bxc3+ 9. bxc3 d5 10. Bg5 dxe4 11. Qxd8 Rxd8 12. Bxf6 gxf6 13. fxe4 f5 14. Bd3
Nc6 15. Rf1 f4 16. Bc4 Bg4 17. Bd5 Rdc8 18. Nc5 Ra7 19. Nd3 Re8 20. Rb1 Be6 21.
Rb6 Bxd5 22. exd5 Ne7 23. c4 Ng6 24. Kd2 Nf8 25. Rfb1 Re7 26. Ke2 Rc7 27. c5 e4
28. Nxf4 Rxc5 29. Kd2 Ra8 30. Rxb7 Rac8 31. R1b2 Ng6 32. Nxg6 hxg6 33. Rd7 Re8
34. Rbb7 e3+ 35. Ke1 Rxc2 36. Rxf7 Rc1+ 37. Ke2 Rc2+ 38. Ke1 Rc1+ 1/2-1/2

[Event "4NCL/Div3/BCA vs. OXF2"]
[Site "Wokefield Park ENG"]
[Date "2010.05.02"]
[Round "10.5"]
[White "Ross, David J"]
[Black "Hadi, Justin"]
[Result "1-0"]
[WhiteElo "1802"]
[BlackElo "1970"]
[PlyCount "69"]
[EventDate "2010.05.02"]
[SourceDate "2009.10.24"]

1. e4 e6 2. e5 d6 3. Nf3 Nc6 4. Bb5 Bd7 5. d4 Nxe5 6. Nxe5 Bxb5 7. Nxf7 Kxf7 8.
Qh5+ g6 9. Qxb5 b6 10. Qd3 Nf6 11. Nd2 Bg7 12. Nf3 Re8 13. O-O Qd7 14. Re1 Re7
15. Bg5 Qe8 16. Bh4 Kg8 17. Re2 h6 18. Rae1 Qf7 19. b3 Rae8 20. c4 c6 21. Bg3
Rd7 22. h3 e5 23. dxe5 dxe5 24. Qc2 e4 25. Nd2 Red8 26. Nxe4 Nh5 27. Qc1 c5 28.
Bh2 Rd4 29. Nc3 Nf4 30. Bxf4 Rxf4 31. Nd5 Rxd5 32. cxd5 Bd4 33. Re8+ Kg7 34.
R1e7 Rxf2 35. Kh1 1-0

[Event "4NCL/Div3/BCA vs. OXF2"]
[Site "Wokefield Park ENG"]
[Date "2010.05.02"]
[Round "10.6"]
[White "Rawlinson, Christopher JA"]
[Black "Irving, Alastair"]
[Result "1-0"]
[WhiteElo "2048"]
[BlackElo "1498"]
[PlyCount "63"]
[EventDate "2010.05.02"]
[SourceDate "2009.10.24"]

1. e4 c5 2. Nc3 Nc6 3. g3 g6 4. Bg2 Bg7 5. d3 d6 6. Be3 Rb8 7. a4 e6 8. Qd2
Nge7 9. Bh6 O-O 10. h4 Nd4 11. Bxg7 Kxg7 12. h5 Rh8 13. h6+ Kf8 14. Nf3 Nxf3+
15. Bxf3 Bd7 16. d4 Qc7 17. O-O Rg8 18. Rfd1 Nc6 19. dxc5 Ne5 20. cxd6 Nxf3+
21. Kg2 Nxd2 22. dxc7 Rc8 23. Rxd2 Rxc7 24. Nb5 Bxb5 25. axb5 Ke7 26. Rxa7 Rd8
27. Rxd8 Kxd8 28. b6 Rxc2 29. Rxb7 Rxb2 30. Rxf7 Rxb6 31. Rxh7 e5 32. Ra7 1-0

[Event "4NCL/Div3/AMCAR vs. NOTT1"]
[Site "Wokefield Park ENG"]
[Date "2010.05.02"]
[Round "10.1"]
[White "McLaughlin, Noel S"]
[Black "Richmond, Robert J"]
[Result "1/2-1/2"]
[WhiteElo "2022"]
[BlackElo "2200"]
[PlyCount "51"]
[EventDate "2010.05.02"]
[SourceDate "2009.10.24"]

1. Nf3 f5 2. e4 d6 3. exf5 Bxf5 4. d4 Nf6 5. Bd3 Qd7 6. c4 g6 7. Nc3 Bg7 8. Ne2
O-O 9. Bxf5 Qxf5 10. O-O Ne4 11. Nf4 Nc6 12. d5 Ne5 13. Nd4 Qf7 14. Qe2 Nc5 15.
Nde6 Nxe6 16. Nxe6 Rfc8 17. Nxg7 Kxg7 18. b3 Nd7 19. Bb2+ Kg8 20. Rae1 Re8 21.
f4 c6 22. dxc6 bxc6 23. Qe4 d5 24. Qd4 Qf6 25. Qd2 Qf5 26. Qd4 1/2-1/2

[Event "4NCL/Div3/AMCAR vs. NOTT1"]
[Site "Wokefield Park ENG"]
[Date "2010.05.02"]
[Round "10.2"]
[White "Walker, Andrew N"]
[Black "Sparkes, Daniel A"]
[Result "1/2-1/2"]
[WhiteElo "2087"]
[BlackElo "2066"]
[PlyCount "39"]
[EventDate "2010.05.02"]
[SourceDate "2009.10.24"]

1. e4 c5 2. Nc3 g6 3. g3 Nc6 4. Bg2 Bg7 5. d3 d6 6. Be3 Nf6 7. h3 Qb6 8. Qc1
Nd4 9. Nd1 Be6 10. c3 Nc6 11. Ne2 Ne5 12. Qd2 Qa6 13. Nc1 Rd8 14. f4 Nc6 15.
O-O O-O 16. Ne2 d5 17. e5 Nd7 18. d4 c4 19. g4 f5 20. g5 1/2-1/2

[Event "4NCL/Div3/AMCAR vs. NOTT1"]
[Site "Wokefield Park ENG"]
[Date "2010.05.02"]
[Round "10.3"]
[White "Tunstall, George S"]
[Black "Coates, David H"]
[Result "1/2-1/2"]
[WhiteElo "1947"]
[BlackElo "2043"]
[PlyCount "51"]
[EventDate "2010.05.02"]
[SourceDate "2009.10.24"]

1. d4 Nf6 2. c4 g6 3. Nc3 Bg7 4. e4 d6 5. Be2 O-O 6. h4 c5 7. d5 e6 8. h5 exd5
9. cxd5 Re8 10. hxg6 hxg6 11. f3 Na6 12. Be3 Nc7 13. Qd2 a6 14. a4 Rb8 15. Bh6
Bh8 16. Nh3 b5 17. axb5 axb5 18. O-O-O b4 19. Nb1 Nb5 20. Bxb5 Rxb5 21. Nf2 Ra5
22. g4 Ra1 23. Bg5 Bg7 24. Qf4 Ba6 25. Bh6 Bh8 26. Bg5 1/2-1/2

[Event "4NCL/Div3/AMCAR vs. NOTT1"]
[Site "Wokefield Park ENG"]
[Date "2010.05.02"]
[Round "10.4"]
[White "Levens, David G"]
[Black "Lyne, Colin J"]
[Result "0-1"]
[WhiteElo "1986"]
[BlackElo "2010"]
[PlyCount "40"]
[EventDate "2010.05.02"]
[SourceDate "2009.10.24"]

1. e4 e5 2. Nf3 Nc6 3. Bc4 Bc5 4. c3 Nf6 5. d4 exd4 6. cxd4 Bb4+ 7. Nc3 Nxe4 8.
O-O Bxc3 9. d5 Bf6 10. Re1 Ne7 11. Rxe4 d6 12. Bg5 Bxg5 13. Nxg5 h6 14. Qh5 O-O
15. Rae1 Ng6 16. Nxf7 Qf6 17. Nxh6+ gxh6 18. R4e3 Qxf2+ 19. Kh1 Nf4 20. Rg3+
Qxg3 0-1

[Event "4NCL/Div3/AMCAR vs. NOTT1"]
[Site "Wokefield Park ENG"]
[Date "2010.05.02"]
[Round "10.5"]
[White "Stayt, James N"]
[Black "Truman, Richard G"]
[Result "1-0"]
[WhiteElo "1996"]
[BlackElo "2015"]
[PlyCount "73"]
[EventDate "2010.05.02"]
[SourceDate "2009.10.24"]

1. e4 c5 2. c3 Nf6 3. e5 Nd5 4. d4 cxd4 5. cxd4 e6 6. Nf3 b6 7. Nc3 Nxc3 8.
bxc3 Qc7 9. Qb3 d6 10. Bf4 Nd7 11. Be2 Bb7 12. O-O Be7 13. Rac1 O-O 14. Rfd1
dxe5 15. Nxe5 Bd6 16. Nxd7 Bxf4 17. Nxf8 Bxc1 18. Nxe6 Qe7 19. Rxc1 Qxe6 20.
Qxe6 fxe6 21. c4 Rd8 22. Rd1 Ba6 23. Kf1 Kf7 24. f4 Kf6 25. Kf2 g5 26. fxg5+
Kxg5 27. Ke3 h6 28. Rc1 Rc8 29. c5 Bxe2 30. Kxe2 Kf4 31. Kd3 bxc5 32. dxc5 Ke5
33. Kc4 Rb8 34. Rc2 a6 35. Re2+ Kf6 36. c6 Ke7 37. Rd2 1-0

[Event "4NCL/Div3/AMCAR vs. NOTT1"]
[Site "Wokefield Park ENG"]
[Date "2010.05.02"]
[Round "10.6"]
[White "Kingston, Ian"]
[Black "Frostick, Helen M"]
[Result "1/2-1/2"]
[WhiteElo "1999"]
[BlackElo "1922"]
[PlyCount "121"]
[EventDate "2010.05.02"]
[SourceDate "2009.10.24"]

1. e4 c5 2. Nf3 Nc6 3. Bb5 Nf6 4. e5 Nd5 5. Bxc6 dxc6 6. O-O Bg4 7. b3 e6 8.
Bb2 Be7 9. d3 O-O 10. Nbd2 f6 11. h3 Bxf3 12. Nxf3 fxe5 13. Bxe5 Bd6 14. Re1 h6
15. Qe2 Nc7 16. Bxd6 Qxd6 17. Qe5 Rad8 18. Qxd6 Rxd6 19. Ne5 b5 20. a3 a6 21.
Re3 Nd5 22. Rf3 Rxf3 {=} 23. Nxf3 Kf7 24. Re1 Nf4 25. h4 Kf6 26. Re4 g5 27.
hxg5+ hxg5 28. g3 Ng6 29. Nd2 Rd5 30. Re1 Ne5 31. Kg2 Kf5 32. Ne4 c4 {=} 33.
Nc3 Rd8 34. dxc4 bxc4 35. b4 Rd2 36. Re2 Rd8 37. Ne4 a5 38. Nc5 axb4 39. axb4
c3 40. Re3 Rd4 41. Rxc3 Rxb4 42. Nd3 Nxd3 43. cxd3 Rd4 {=} 44. Kf3 Ke5 45. Ke3
Kd5 46. Rxc6 Rxd3+ 47. Kxd3 Kxc6 48. Ke4 Kd6 49. f3 Ke7 50. Ke5 Kf7 51. Kd6 Kf6
52. g4 Kf7 {=} 53. Ke5 Ke7 54. Ke4 Kf6 55. Kd4 Ke7 56. Ke5 Kf7 57. f4 gxf4 58.
Kxf4 Kf6 59. g5+ Kg6 60. Ke5 Kxg5 61. Kxe6 1/2-1/2

[Event "4NCL/Div3/HACK vs. AMCAH"]
[Site "Wokefield Park ENG"]
[Date "2010.05.02"]
[Round "10.1"]
[White "Chin, Francis CW"]
[Black "Fenwick, Hugh F"]
[Result "1/2-1/2"]
[WhiteElo "2122"]
[BlackElo "1970"]
[PlyCount "87"]
[EventDate "2010.05.02"]
[SourceDate "2009.10.24"]

1. d4 Nf6 2. Nf3 g6 3. g3 Bg7 4. Bg2 d6 5. O-O O-O 6. c4 c5 7. dxc5 dxc5 8. Nc3
Nc6 9. Be3 Be6 10. Qa4 Qb6 11. Ng5 Bd7 12. Qa3 Nd4 13. Bxd4 cxd4 14. Na4 Qa5
15. Nc5 Qxa3 16. bxa3 Rac8 17. Nxd7 Nxd7 18. Bxb7 Rxc4 19. Rac1 Rc3 20. Ne4
Rxa3 21. Rc7 Rd8 22. Bd5 Be5 23. Rc2 Nb6 24. Bb3 Ra5 25. Rfc1 Bd6 26. Rc6 Ba3
27. Rd1 Rd7 28. Kg2 Kg7 29. h4 Re5 30. Ng5 Rxe2 31. Nxf7 Nd5 32. Kf3 Rb2 33.
Ne5 Rd8 34. Nd3 Rf8+ 35. Kg4 h5+ 36. Kh3 Nb4 37. Nxb2 Nxc6 38. Nd3 Bd6 39. Rc1
Nb4 40. Nxb4 Bxb4 41. Rc4 Bc3 42. Rc7 a5 43. Rxe7+ Kf6 44. Rd7 1/2-1/2

[Event "4NCL/Div3/HACK vs. AMCAH"]
[Site "Wokefield Park ENG"]
[Date "2010.05.02"]
[Round "10.2"]
[White "Zhu, Yao Yao"]
[Black "Walker, Nicholas P"]
[Result "0-1"]
[WhiteElo "1954"]
[BlackElo "2114"]
[PlyCount "76"]
[EventDate "2010.05.02"]
[SourceDate "2009.10.24"]

1. e4 Nc6 2. Nf3 Nf6 3. e5 Ng4 4. d4 d6 5. exd6 Qxd6 6. h3 Nf6 7. c3 Bf5 8. Bc4
e6 9. O-O Be7 10. b4 O-O 11. a4 a6 12. Re1 Nd5 13. Bd3 Bg6 14. Ba3 b5 15. Bxg6
hxg6 16. Qc2 Nb6 17. axb5 axb5 18. Nbd2 Bf6 19. Ra2 Qd5 20. Rea1 e5 21. dxe5
Nxe5 22. Nd4 Nec4 23. N2f3 Rfe8 24. Bc1 Bxd4 25. cxd4 Rxa2 26. Rxa2 Qd6 27. Bd2
Nd5 28. Qb3 Nxd2 29. Rxd2 c6 30. Rb2 Ra8 31. Ne5 Ra1+ 32. Rb1 Rxb1+ 33. Qxb1
Qxb4 34. Qa1 Qa4 35. Qb2 b4 36. Qc1 Nc3 37. Qg5 Qd1+ 38. Kh2 Qxd4 0-1

[Event "4NCL/Div3/HACK vs. AMCAH"]
[Site "Wokefield Park ENG"]
[Date "2010.05.02"]
[Round "10.3"]
[White "Burgoyne, Peter A"]
[Black "Mitchell, Stephen R"]
[Result "1/2-1/2"]
[WhiteElo "1882"]
[BlackElo "2017"]
[PlyCount "32"]
[EventDate "2010.05.02"]
[SourceDate "2009.10.24"]

1. e4 b6 2. d4 Bb7 3. Bd3 e6 4. Ne2 c5 5. c3 Nf6 6. f3 d5 7. e5 Nfd7 8. O-O Ba6
9. Bc2 Nc6 10. a3 cxd4 11. f4 g6 12. Rf3 d3 13. Bxd3 Bxd3 14. Qxd3 Nc5 15. Qb5
Qd7 16. Nd4 Nxd4 1/2-1/2

[Event "4NCL/Div3/HACK vs. AMCAH"]
[Site "Wokefield Park ENG"]
[Date "2010.05.02"]
[Round "10.4"]
[White "Jeffries, Majid"]
[Black "Donnelly, Terence M"]
[Result "1-0"]
[WhiteElo "1995"]
[BlackElo "1922"]
[PlyCount "125"]
[EventDate "2010.05.02"]
[SourceDate "2009.10.24"]

1. Nf3 Nf6 2. b3 g6 3. Bb2 Bg7 4. e3 d6 5. d4 Nbd7 6. c4 e5 7. Be2 exd4 8. Nxd4
O-O 9. Nf3 Re8 10. Qc2 Nc5 11. Nc3 Bf5 12. Qd2 Nfe4 13. Nxe4 Nxe4 14. Qc1 a6
15. Bxg7 Kxg7 16. Qb2+ Qf6 17. Qxf6+ Kxf6 18. Rc1 Nc5 {=} 19. Nd4 Nd3+ 20. Bxd3
Bxd3 21. Kd2 Bf5 22. f3 Bd7 23. c5 dxc5 24. Rxc5 c6 25. Rc3 Rad8 26. Ke2 Bc8
27. Rd1 Rd6 28. b4 Red8 29. Rdc1 Be6 30. a4 Bd7 31. Kf2 Rd5 32. a5 Be6 33. R1c2
Bd7 34. h4 h5 35. Kg3 Be6 36. Rd2 Bc8 37. Kf4 Ke7 38. Rcd3 R5d7 39. e4 f6 40.
Ke3 Rd6 41. Rc3 Be6 42. Rc5 Bc8 43. f4 Rg8 44. e5 fxe5 45. Rxe5+ Kf6 46. g3
Rgd8 47. Nf3 Bf5 48. Rxd6+ Rxd6 49. Nd4 Bg4 50. Re8 Rd7 51. Rf8+ Kg7 52. Rb8
Kf6 {=} 53. Kd3 Bd1 54. Kc3 Re7 55. Rf8+ Kg7 56. Rd8 Bg4 57. Kc4 Kf6 58. Rd6+
Kf7 59. Kc5 Bh3 60. Nf3 Bf5 61. Ne5+ Kg7 62. Kb6 Bc2 63. Rd7 1-0

[Event "4NCL/Div3/HACK vs. AMCAH"]
[Site "Wokefield Park ENG"]
[Date "2010.05.02"]
[Round "10.5"]
[White "Oakley, Robin J"]
[Black "Andreev, Peter"]
[Result "0-1"]
[WhiteElo "1858"]
[BlackElo "1846"]
[PlyCount "58"]
[EventDate "2010.05.02"]
[SourceDate "2009.10.24"]

1. e4 c5 2. Nf3 Nc6 3. d4 cxd4 4. Nxd4 Nf6 5. Nc3 e5 6. Ndb5 d6 7. Nd5 Nxd5 8.
exd5 Ne7 9. c4 Nf5 10. Be2 g6 11. O-O Bg7 12. Nc3 O-O 13. Bd3 Nh6 14. f3 f5 15.
Be3 f4 16. Bf2 g5 17. Be4 Nf5 18. Qd3 h5 19. c5 g4 20. Ne2 Qg5 21. fxg4 hxg4
22. cxd6 Nxd6 23. Bc5 Rf6 24. Bxd6 Rxd6 25. Qb5 Rh6 26. Qe8+ Bf8 27. g3 f3 28.
Nc3 Qe3+ 29. Kh1 Qd2 0-1

[Event "4NCL/Div3/HACK vs. AMCAH"]
[Site "Wokefield Park ENG"]
[Date "2010.05.02"]
[Round "10.6"]
[White "Malhotra, Tarun"]
[Black "Rivlin, Mark"]
[Result "1-0"]
[WhiteElo "1801"]
[BlackElo "1618"]
[PlyCount "59"]
[EventDate "2010.05.02"]
[SourceDate "2009.10.24"]

1. e4 e5 2. Nf3 Nc6 3. Bb5 a6 4. Ba4 d6 5. d4 exd4 6. Nxd4 Bd7 7. O-O Be7 8. c3
Nf6 9. Bc2 O-O 10. Bf4 Ne5 11. Nf5 Ng6 12. Bg3 Re8 13. f4 h5 14. h3 h4 15. Bh2
Bc6 16. Nd2 Qd7 17. Bd3 Rad8 18. Qc2 Bf8 19. Rae1 b5 20. Nd4 Bb7 21. e5 dxe5
22. fxe5 Bc5 23. N2b3 Bxd4+ 24. Nxd4 Nd5 25. e6 Rxe6 26. Nxe6 Nb4 27. cxb4 Qxd3
28. Qxd3 Rxd3 29. Nxc7 Rd7 30. Rd1 1-0

[Event "4NCL/Div3/KJCAN vs. CELT2"]
[Site "Wokefield Park ENG"]
[Date "2010.05.02"]
[Round "10.1"]
[White "Balendran, Baven"]
[Black "Fathallah, Joe"]
[Result "1/2-1/2"]
[WhiteElo "1858"]
[BlackElo "1951"]
[PlyCount "79"]
[EventDate "2010.05.02"]
[SourceDate "2009.10.24"]

1. e4 e6 2. d4 d5 3. Nc3 Nf6 4. e5 Nfd7 5. f4 c5 6. Nf3 Nc6 7. Be3 a6 8. Bd3
cxd4 9. Bxd4 Nxd4 10. Nxd4 Qb6 11. Nb3 Bb4 12. Be2 O-O 13. Rf1 f6 14. exf6 Nxf6
15. a3 Bxc3+ 16. bxc3 Bd7 17. Qd4 Qc7 18. Nc5 Rac8 19. Nxd7 Nxd7 20. Rf3 Nf6
21. Rb1 b5 22. Rb3 Rce8 23. Re3 Ne4 24. g3 Nd6 25. Bd3 Nc4 26. Bxc4 dxc4 27.
Rb1 Rf5 28. Rd1 Rd5 29. Qxd5 exd5 30. Rxe8+ Kf7 31. Re5 Qa5 32. Rdxd5 Qxc3+ 33.
Kf1 h6 34. Rd7+ Kf6 35. Rd6+ Kf7 36. Rxa6 Qxc2 37. Ra7+ Kf6 38. Ra6+ Kf7 39.
Ra7+ Kf6 40. Ra6+ 1/2-1/2

[Event "4NCL/Div3/KJCAN vs. CELT2"]
[Site "Wokefield Park ENG"]
[Date "2010.05.02"]
[Round "10.2"]
[White "Kitchen, Peter J"]
[Black "Murphy, Conor"]
[Result "1/2-1/2"]
[WhiteElo "1930"]
[BlackElo "1794"]
[PlyCount "57"]
[EventDate "2010.05.02"]
[SourceDate "2009.10.24"]

1. e4 e5 2. Nf3 Nc6 3. Bb5 a6 4. Ba4 Nf6 5. O-O Be7 6. Re1 b5 7. Bb3 O-O 8. a4
Bb7 9. c3 d5 10. d4 Nxe4 11. dxe5 Bc5 12. Be3 Bxe3 13. Rxe3 Na5 14. Nbd2 c5 15.
Nxe4 dxe4 16. Nd2 Qg5 17. Bc2 Rfd8 18. Qe2 Rxd2 19. Qxd2 Nc4 20. Qe2 Nxe3 21.
fxe3 c4 22. Rd1 Qxe5 23. Rd4 f5 24. Qd2 Rf8 25. g3 h5 26. Rd8 Qf6 27. Rd6 Qe5
28. Rd8 Qf6 29. Rd6 1/2-1/2

[Event "4NCL/Div3/KJCAN vs. CELT2"]
[Site "Wokefield Park ENG"]
[Date "2010.05.02"]
[Round "10.3"]
[White "Kalid, Raphael"]
[Black "Price, Michael C"]
[Result "1-0"]
[WhiteElo "1786"]
[BlackElo "1906"]
[PlyCount "91"]
[EventDate "2010.05.02"]
[SourceDate "2009.10.24"]

1. e4 c5 2. Nc3 Nc6 3. f4 g6 4. Bc4 e6 5. Nf3 Bg7 6. O-O Nge7 7. Qe1 O-O 8. d3
d5 9. Bb3 a6 10. Qh4 dxe4 11. dxe4 Nd4 12. Nxd4 Qxd4+ 13. Kh1 Qd7 14. Be3 Qc7
15. a3 b5 16. Rae1 Bb7 17. Bg1 c4 18. Ba2 Rad8 19. Re2 Nc6 20. Nd1 Nd4 21. Bxd4
Rxd4 22. Nf2 Rfd8 23. c3 Rd2 24. Rfe1 Bf8 25. h3 Be7 26. Qg4 Bc5 27. Qh4 Rxe2
28. Rxe2 Bxf2 29. Qxf2 Rd1+ 30. Re1 Rxe1+ 31. Qxe1 Qxf4 32. Bb1 e5 33. Kg1 f5
34. exf5 gxf5 35. Bc2 Qg5 36. Qf2 e4 37. Bd1 Qc1 38. Qg3+ {=} Kf7 39. Qc7+ Ke6
40. Qb6+ Ke5 41. Qc7+ Kf6 42. Qd6+ Kg5 {=} 43. h4+ Kxh4 44. Qf6+ Kg3 45. Qg7+
Kh4 46. g3+ 1-0

[Event "4NCL/Div3/KJCAN vs. CELT2"]
[Site "Wokefield Park ENG"]
[Date "2010.05.02"]
[Round "10.4"]
[White "Buttell, David"]
[Black "Reddiar, Gautham"]
[Result "1/2-1/2"]
[WhiteElo "1761"]
[BlackElo "1746"]
[PlyCount "76"]
[EventDate "2010.05.02"]
[SourceDate "2009.10.24"]

1. d4 e6 2. c4 d5 3. Nc3 Nf6 4. Nf3 c6 5. cxd5 exd5 6. Qc2 Be7 7. Bf4 O-O 8. e3
h6 9. Bd3 Nbd7 10. h3 b6 11. O-O Bb7 12. Ne2 Rc8 13. Ng3 c5 14. Qe2 cxd4 15.
exd4 Re8 16. Qd1 a5 17. Rc1 Rxc1 18. Qxc1 Qc8 19. Nf5 Bf8 20. Qxc8 Rxc8 {=} 21.
Nd6 Bxd6 22. Bxd6 Nf8 23. Bf4 Ne6 24. Be3 Nd7 25. Rc1 {=} Rxc1+ 26. Bxc1 Nb8
27. Bd2 Nc6 28. Be3 Nb4 29. Bb1 Ba6 30. a3 Bd3 31. axb4 Bxb1 32. bxa5 bxa5 33.
Ne5 Ba2 {=} 34. Kf1 Kf8 35. Ke1 Nc7 36. Bd2 a4 37. g3 Nb5 38. Bb4+ Ke8 1/2-1/2

[Event "4NCL/Div3/KJCAN vs. CELT2"]
[Site "Wokefield Park ENG"]
[Date "2010.05.02"]
[Round "10.5"]
[White "Davis, Alexei"]
[Black "Huser, Hector AP"]
[Result "1-0"]
[WhiteElo "1730"]
[BlackElo "1554"]
[PlyCount "101"]
[EventDate "2010.05.02"]
[SourceDate "2009.10.24"]

1. d4 f5 2. Nf3 Nf6 3. e3 e6 4. Bd3 d6 5. b3 Be7 6. Bb2 O-O 7. O-O Qe8 8. Nbd2
Qh5 9. c4 Ng4 10. h3 Nf6 11. b4 g5 12. Nh2 Qxd1 13. Raxd1 Rf7 14. c5 d5 15.
Nhf3 Nbd7 16. Nxg5 Nf8 17. Nxf7 Kxf7 18. Nf3 Ng6 19. Nh2 h5 20. f3 h4 21. Bc1
Nh5 22. Rf2 Bd7 23. e4 Ngf4 24. exf5 exf5 25. Nf1 Rg8 26. Kh2 c6 27. Ne3 Bd8
28. Nxf5 Bxf5 29. Bxf5 Bc7 30. Kg1 Nxh3+ 31. Bxh3 Nf4 32. Bxf4 Bxf4 33. Re1 Bg3
34. Be6+ Kf8 35. Bxg8 Bxf2+ 36. Kxf2 Kxg8 37. Re7 b5 38. cxb6 axb6 39. Rc7 c5
40. bxc5 bxc5 41. dxc5 Kf8 42. Ke3 Ke8 43. Kd4 Kd8 44. Rh7 h3 45. gxh3 Kc8 46.
Kxd5 Kd8 47. Ke6 Kc8 48. Kd6 Kb8 49. Kc6 Ka8 50. Kb6 Kb8 51. Rh8# 1-0

[Event "4NCL/Div3/KJCAN vs. CELT2"]
[Site "Wokefield Park ENG"]
[Date "2010.05.02"]
[Round "10.6"]
[White "Kitchen, Michael J"]
[Black "Paul, Barnaby J"]
[Result "0-1"]
[WhiteElo "1602"]
[BlackElo "1610"]
[PlyCount "80"]
[EventDate "2010.05.02"]
[SourceDate "2009.10.24"]

1. Nf3 d5 2. g3 Nf6 3. d3 e6 4. Nbd2 Be7 5. Bg2 c5 6. O-O Nc6 7. Re1 O-O 8. e4
b6 9. c3 dxe4 10. dxe4 Bb7 11. Qe2 Qc8 12. Bf1 Rd8 13. h3 h6 14. a3 Nh7 15. Nc4
Ba6 16. Qc2 Bxc4 17. Bxc4 Na5 18. Bf1 c4 19. Be3 b5 20. Rad1 Qc7 21. Bf4 Qb7
22. Qe2 Nb3 23. Nd4 Nc5 24. Qc2 Bg5 25. e5 Rac8 26. Re3 Bxf4 27. gxf4 Nf8 28.
f3 Ng6 29. Qh2 Nb3 30. Re4 Rd7 31. Qg3 Rcd8 32. h4 Ne7 33. Qh3 Nf5 34. Re2
Nbxd4 35. cxd4 Nxd4 36. Rf2 Nxf3+ 37. Rxf3 Rxd1 38. f5 exf5 39. Qxf5 Qb6+ 40.
Kg2 Qg6+ 0-1